000 00373nam a22001577a 4500
999 _c2522
_d2521
005 20210831110440.0
008 160613b xxu||||| |||| 00| 0 eng d
041 _aeng
082 _b7255
_a344.07684
100 _aMehta, Anoop K
_91797
245 _aJharkhand Universities Law
260 _bNagri Press Rajpal
300 _a270
650 _aManagement
_9241
942 _cBK